Psicología ambiental: el hombre y su entorno físico

Salvato in:
Dettagli Bibliografici
Autori principali: Proshansky, Harold M (Autore), Ittelson, William H (Autore), Rivlin, Leanne G (Autore)
Natura: Libro
Lingua:spagnolo
Pubblicazione: Ciudad de México Trillas 1978
Soggetti:
Tags: Aggiungi Tag
Nessun Tag, puoi essere il primo ad aggiungerne!!

MARC

LEADER 00000nam a2200000 a 4500
001 UCY6134
003 CL-VaPUC
008 950521e19780500MX |||||||||||||||||spa|d
082 0 4 |a 155.9  |b PRO  |2 21 
100 0 |a Proshansky, Harold M  |e author  |9 335846 
700 0 |a Ittelson, William H  |e author  |9 335847 
700 0 |a Rivlin, Leanne G  |e author  |9 335848 
245 1 0 |a Psicología ambiental: el hombre y su entorno físico 
300 |a 875 p 
942 |c BK 
945 |d 19950521 00:00:00  |a cmena 
260 |a Ciudad de México  |b Trillas  |c 1978 
650 7 |a HOMBRE  |2 CL-VaPUC  |9 262149 
650 0 |a Psicología   |9 257863 
650 0 |a Medio ambiente  |9 257625 
650 0 |a Psicología aplicada   |9 270762 
650 0 |a Investigación  |9 257811 
650 0 |a Comportamiento   |9 308406 
650 0 |a Aprendizaje   |9 254827 
650 7 |a MEDIO SOCIAL  |2 CL-VaPUC  |9 335849 
650 7 |a INSTITUCIONES DE CIENCIAS SOCIALES  |2 CL-VaPUC  |9 335850 
650 7 |a DISEÑO AMBIENTAL  |2 CL-VaPUC  |9 268896 
650 0 |a Métodos de investigación   |9 262618 
650 7 |a PROCESOS DE PLANIFICACION AMBIENTAL  |2 CL-VaPUC  |9 335851 
583 |a last modification  |c 19950521 00:00:00  |k Rodrigo Vera 
999 |c 233715  |d 233713 
952 |0 0  |1 0  |4 0  |6 155_900000000000000_PRO_1978  |7 0  |8 P  |9 239419  |a BIBEDU  |b BIBEDU  |d 2019-11-18  |i 1504452  |o 155.9 PRO 1978  |p 1504452  |r 2024-01-25  |w 2019-11-18  |y BK  |k EDU